<?xml version="1.0" encoding="UTF-8"?>
<record
    xmlns:xsi="http://www.w3.org/2001/XMLSchema-instance"
    xsi:schemaLocation="http://www.loc.gov/MARC21/slim http://www.loc.gov/standards/marcxml/schema/MARC21slim.xsd"
    xmlns="http://www.loc.gov/MARC21/slim">

  <leader>00743nam a22002417a 4500</leader>
  <datafield tag="999" ind1=" " ind2=" ">
    <subfield code="c">166019</subfield>
    <subfield code="d">166019</subfield>
  </datafield>
  <controlfield tag="005">20190710145258.0</controlfield>
  <datafield tag="010" ind1=" " ind2=" ">
    <subfield code="a">B-182857</subfield>
  </datafield>
  <datafield tag="020" ind1=" " ind2=" ">
    <subfield code="a">-</subfield>
    <subfield code="c">132.00</subfield>
  </datafield>
  <datafield tag="035" ind1=" " ind2=" ">
    <subfield code="a">B-182857</subfield>
  </datafield>
  <datafield tag="037" ind1=" " ind2=" ">
    <subfield code="b">BPPD/Ven.</subfield>
    <subfield code="a">dpl</subfield>
  </datafield>
  <datafield tag="082" ind1=" " ind2=" ">
    <subfield code="a">920</subfield>
    <subfield code="2">2004</subfield>
  </datafield>
  <datafield tag="100" ind1=" " ind2=" ">
    <subfield code="a">&#x645;&#x627; &#x6C1;&#x64A;&#x6A9;&#x644; &#x6C1;&#x627; &#x631; &#x679; </subfield>
  </datafield>
  <datafield tag="245" ind1=" " ind2=" ">
    <subfield code="a">&#x633;&#x648; &#x639;&#x638;&#x64A;&#x645; &#x622; &#x62F; &#x645;&#x6CC; </subfield>
    <subfield code="c">&#x645;&#x627; &#x6C1;&#x64A;&#x6A9;&#x644; &#x6C1;&#x627; &#x631; &#x679;</subfield>
    <subfield code="h">Urdu</subfield>
  </datafield>
  <datafield tag="246" ind1=" " ind2=" ">
    <subfield code="a">100 Azeem Aadmi (Urdu)</subfield>
    <subfield code="b">by Maikal Hart</subfield>
  </datafield>
  <datafield tag="250" ind1=" " ind2=" ">
    <subfield code="a">2004 &#x621;</subfield>
  </datafield>
  <datafield tag="260" ind1=" " ind2=" ">
    <subfield code="a">N.Delhi 110002</subfield>
    <subfield code="b">Maktaba Jadeed</subfield>
  </datafield>
  <datafield tag="270" ind1=" " ind2=" ">
    <subfield code="a">9/10,Gola Market,Darya Ganj,</subfield>
  </datafield>
  <datafield tag="300" ind1=" " ind2=" ">
    <subfield code="a">528&#x635;</subfield>
    <subfield code="c">22cm(Hbk)</subfield>
  </datafield>
  <datafield tag="490" ind1=" " ind2=" ">
    <subfield code="a">Jaico illustrated classics series</subfield>
  </datafield>
  <datafield tag="942" ind1=" " ind2=" ">
    <subfield code="2">ddc</subfield>
    <subfield code="c">UR</subfield>
    <subfield code="m">&#x6C1; &#x627; &#x631; </subfield>
    <subfield code="h">920</subfield>
  </datafield>
  <datafield tag="952" ind1=" " ind2=" ">
    <subfield code="0">0</subfield>
    <subfield code="1">0</subfield>
    <subfield code="4">0</subfield>
    <subfield code="7">-1</subfield>
    <subfield code="8">NFIC</subfield>
    <subfield code="a">L</subfield>
    <subfield code="b">L</subfield>
    <subfield code="d">2019-07-10</subfield>
    <subfield code="e">BPPD/Ven.</subfield>
    <subfield code="g">132.00</subfield>
    <subfield code="l">0</subfield>
    <subfield code="o">920 &#x6C1; &#x627; &#x631;</subfield>
    <subfield code="p">B-182857</subfield>
    <subfield code="r">2019-07-10 00:00:00</subfield>
    <subfield code="t">1</subfield>
    <subfield code="v">132.00</subfield>
    <subfield code="w">2019-07-10</subfield>
    <subfield code="y">UR</subfield>
  </datafield>
</record>
